000 00483nam a2200157Ia 4500
999 _c40399
_d40399
003 OSt
005 20200625140837.0
008 190216s9999||||xx |||||||||||||| ||und||
040 _coclc
082 _a954
_bAYO/B
100 _aAyoob, Mohammed
_93241
245 0 _aBangladeshinde Swatantraya Samaram /
_cMohammed Ayoob ; Subrahmanyam K
260 _bKerala Bhasha Institute,
_c1980.
_aTrivandrum:
300 _a302p
942 _cBK
_2ddc
_h954
_iAYO/B
_k954
_mAYO/B